• 首页
  • 本馆介绍
  • 公告通知
  • 最新文献
  • 馆藏检索
  • 电子资源
  • 读者导购
  • 参考咨询
  • 我的图书馆
  • 登录
  • 详细信息显示
  • 放入我的书架
  • 预约/预借图书
  • 作者相关作品
  • 分类相关作品
  • 丛书相关作品
  • 出版社相关作品

书目信息

  • 表格格式
  • 工作单格式
  • 卡片格式
题名:
活动教学论
    
 
作者: 宋宁娜 著
分册:  
出版信息: 南京   江苏教育出版社  1996
页数: 345页
开本: 20cm
丛书名: 当代教育新理论丛书
单 册:
中图分类: G42 , G40
科图分类:
主题词: 教育学
电子资源:
ISBN: 7-5343-2836-5
000 00634nam2 2200241 450
001 1540155353
005 20150126110928.67
010    @a7-5343-2836-5@dCNY11.30
100    @a20021005d1996 emky0chiy0110 ea
101 0  @achi
102    @aCN@b320000
105    @ay z 000yy
200 1  @a活动教学论@9huo dong jiao xue lun@f宋宁娜著
210    @a南京@c江苏教育出版社@d1996
215    @a345页@d20cm
225 2  @a当代教育新理论丛书
461  0 @12001 @a当代教育新理论丛书
606 0  @a教育学
690    @aG42@v5
690    @aG40@v4
701  0 @a宋宁娜@9song ning na@4著
801  0 @aCN@bTSSF@c20150126
905    @aZUCC@dG40@eJY51
    
    活动教学论/宋宁娜著.-南京:江苏教育出版社,1996
    345页;20cm.-(当代教育新理论丛书)
    
    
    ISBN 7-5343-2836-5:CNY11.30
    
●
相关链接 在E读中查询图书 在五车中查询图书 在当当中查询图书 在豆瓣中查询图书


正题名:活动教学论     索取号:G40/JY51         预约/预借

序号 登录号 条形码 馆藏地/架位号 状态 备注
1 7859638   278596388   学院路分馆/ [索取号:G40/JY51] 在馆    
唐山师范学院图书馆 欢迎您!
大连网信软件有限公司© 版权所有